000 00504nam a2200193Ia 4500
003 GCL
008 140319s9999 xx 000 0 ara d
040 _aGCL /
_cGCL
082 0 4 _a940
_bس م
100 1 _aسمير شيخانى
245 1 0 _aمن كواليس التاريخ /
_cسمير شيخانى
260 _a[S.N] :
_bدار الجيل ،
_c1993
300 _a750 ص
490 _a
650 0 4 _aالعصر الحديث
650 0 4 _aتاريخ
650 0 4 _aاوربا
942 _2ddc
_cBK
999 _c54004
_d54004